Environmental engineering (Record no. 5357)

000 -LEADER
fixed length control field 00678nam a2200241 4500
001 - CONTROL NUMBER
control field 5357
003 - CONTROL NUMBER IDENTIFIER
control field BD-DhUET
008 - FIXED-LENGTH DATA ELEMENTS--GENERAL INFORMATION
fixed length control field 141126b xxu||||| |||| 00| 0 eng d
020 ## - INTERNATIONAL STANDARD BOOK NUMBER
International Standard Book Number 0071002316
040 ## - CATALOGING SOURCE
Transcribing agency 0
Modifying agency BD-DhUET
082 ## - DEWEY DECIMAL CLASSIFICATION NUMBER
Classification number 628
Item number PEA/1985
100 ## - MAIN ENTRY--PERSONAL NAME
Personal name Peavy, Howard S
245 ## - TITLE STATEMENT
Title Environmental engineering
250 ## - EDITION STATEMENT
Edition statement 1st ed.
260 ## - PUBLICATION, DISTRIBUTION, ETC. (IMPRINT)
Place of publication, distribution, etc. New york
Name of publisher, distributor, etc. McGraw-Hill
Date of publication, distribution, etc. 1985
300 ## - PHYSICAL DESCRIPTION
Extent xiv,699 p.+various paging
Other physical details ill.
490 ## - SERIES STATEMENT
Series statement McGraw-Hill series in water resources and environmental engineering
504 ## - BIBLIOGRAPHY, ETC. NOTE
Bibliography, etc Includes bibliographies
650 #0 - SUBJECT ADDED ENTRY--TOPICAL TERM
Topical term or geographic name as entry element Environmental engineering
700 ## - ADDED ENTRY--PERSONAL NAME
Personal name Rowe, Donald R.
700 ## - ADDED ENTRY--PERSONAL NAME
Personal name Tchobanoglous, George
942 ## - ADDED ENTRY ELEMENTS (KOHA)
Koha item type General Book
Holdings
Damaged status Koha date last seen Koha full call number Location (home branch) Koha issues (times borrowed) Sublocation or collection (holding branch) Not for loan Copy number Lost status Withdrawn status Koha normalized classification for sorting Piece designation (barcode) Koha item type Shelving location Date acquired Koha date last borrowed Koha renewals Source of classification or shelving scheme Price effective from
 2024-09-08628/PEA/1985Central Library, BUET9Central Library, BUET 1  628PEA198581896General BookCirculation section2014-11-262023-12-10  2014-11-26
 2024-06-02628/PEA/1985Central Library, BUET10Central Library, BUET 2  628PEA198581895General BookCirculation section2014-11-262024-03-16  2014-11-26
 2015-06-18628/PEA/1985Central Library, BUET Central Library, BUET 3  628_000000000000000_PEA_198588788Reading ItemReading section2015-06-18   2015-06-18
 2015-06-18628/PEA/1985Central Library, BUET Central Library, BUET 4  628_000000000000000_PEA_198587579Reading ItemReading section2015-06-18   2015-06-18
 2021-11-13628/PEA/1985Central Library, BUET2Central Library, BUET 5  628_000000000000000_PEA_198581894General BookCirculation section1991-10-282020-03-16  2017-10-31
 2024-12-01628 PEA/1985Central Library, BUET Central Library, BUET ক-৫১  628_000000000000000_PEA_198581847Rental ItemRental section1991-10-28   2024-12-01
 2024-12-01628 PEA/1985Central Library, BUET Central Library, BUET ক-৭৮  628_000000000000000_PEA_198581874Rental ItemRental section1991-10-28   2024-12-01
 2024-12-01628 PEA/1985Central Library, BUET Central Library, BUET ক-৭৯  628_000000000000000_PEA_198581875Rental ItemRental section1991-10-28   2024-12-01
 2024-12-01628 PEA/1985Central Library, BUET Central Library, BUET ক-৮০  628_000000000000000_PEA_198581876Rental ItemRental section1991-10-28   2024-12-01
 2024-12-01628 PEA/1985Central Library, BUET Central Library, BUET ক-৮১  628_000000000000000_PEA_198581877Rental ItemRental section1991-10-28   2024-12-01
 2024-12-01628 PEA/1985Central Library, BUET Central Library, BUET ক-৮২  628_000000000000000_PEA_198581878Rental ItemRental section1991-10-28   2024-12-01
 2024-12-01628 PEA/1985Central Library, BUET Central Library, BUET ক-৮৩  628_000000000000000_PEA_198581879Rental ItemRental section1991-10-28   2024-12-01
 2024-12-01628 PEA/1985Central Library, BUET Central Library, BUET ক-৮৪  628_000000000000000_PEA_198581880Rental ItemRental section1991-10-28   2024-12-01
 2024-12-01628 PEA/1985Central Library, BUET Central Library, BUET ক-৮৫  628_000000000000000_PEA_198581881Rental ItemRental section1991-10-28   2024-12-01
 2024-12-01628 PEA/1985Central Library, BUET Central Library, BUET ক-৮৬  628_000000000000000_PEA_198581882Rental ItemRental section1991-10-28   2024-12-01
 2024-12-01628 PEA/1985Central Library, BUET Central Library, BUET ক-৮৭  628_000000000000000_PEA_198581883Rental ItemRental section1991-10-28   2024-12-01
 2024-12-01628 PEA/1985Central Library, BUET Central Library, BUET ক-৮৭  628_000000000000000_PEA_198581884Rental ItemRental section1991-10-28   2024-12-01